Welcome to WEB OPAC of MRSPTU Central Library

Fundamentals of engineering : heat and transfer (Record no. 2710)

MARC details
000 -LEADER
fixed length control field 00382nam a2200145Ia 4500
008 - FIXED-LENGTH DATA ELEMENTS--GENERAL INFORMATION
fixed length control field 230711s9999||||xx |||||||||||||| ||und||
041 ## - LANGUAGE CODE
Language code of text/sound track or separate title ENG
082 ## - DEWEY DECIMAL CLASSIFICATION NUMBER
Classification number 621.381
Item number SA-E
100 ## - MAIN ENTRY--PERSONAL NAME
Personal name Sachdeva,R.C
245 #0 - TITLE STATEMENT
Title Fundamentals of engineering : heat and transfer
250 ## - EDITION STATEMENT
Edition statement 1st
260 ## - PUBLICATION, DISTRIBUTION, ETC.
Date of publication, distribution, etc. 1994
Place of publication, distribution, etc. New Delhi
Name of publisher, distributor, etc. Wiley Eastern Limited
650 ## - SUBJECT ADDED ENTRY--TOPICAL TERM
Topical term or geographic name entry element Mechanical Engineering
942 ## - ADDED ENTRY ELEMENTS (KOHA)
Koha item type Book
Holdings
Withdrawn status Lost status Damaged status Not for loan Collection Home library Current library Date acquired Total checkouts Full call number Barcode Date last seen Price effective from Koha item type
          MRSPTU Central Library MRSPTU Central Library     621.381 SA-E 10506 08/17/2023 08/17/2023 Book
          MRSPTU Central Library MRSPTU Central Library     621.381 SA-E 10507 08/17/2023 08/17/2023 Book
          MRSPTU Central Library MRSPTU Central Library     621.381 SA-E 10508 08/17/2023 08/17/2023 Book
          MRSPTU Central Library MRSPTU Central Library     621.381 SA-E 10509 08/17/2023 08/17/2023 Book
          MRSPTU Central Library MRSPTU Central Library     621.381 SA-E 10510 08/17/2023 08/17/2023 Book
          MRSPTU Central Library MRSPTU Central Library     621.381 SA-E 10511 08/17/2023 08/17/2023 Book
          MRSPTU Central Library MRSPTU Central Library     621.381 SA-E 10512 08/17/2023 08/17/2023 Book
          MRSPTU Central Library MRSPTU Central Library     621.381 SA-E 10513 08/17/2023 08/17/2023 Book
          MRSPTU Central Library MRSPTU Central Library     621.381 SA-E 10514 08/17/2023 08/17/2023 Book
          MRSPTU Central Library MRSPTU Central Library     621.381 SA-E 10515 08/17/2023 08/17/2023 Book
          MRSPTU Central Library MRSPTU Central Library     621.381 SA-E 10516 08/17/2023 08/17/2023 Book
          MRSPTU Central Library MRSPTU Central Library     621.381 SA-E 10517 08/17/2023 08/17/2023 Book
          MRSPTU Central Library MRSPTU Central Library     621.381 SA-E 10518 08/17/2023 08/17/2023 Book
          MRSPTU Central Library MRSPTU Central Library     621.381 SA-E 10519 08/17/2023 08/17/2023 Book
          MRSPTU Central Library MRSPTU Central Library     621.381 SA-E 10520 08/17/2023 08/17/2023 Book

Website Designed and Developed by MRSPTU Central Library Team

E-mail Id: librarian@mrsptu.ac.in